00289nam a2200121Ia 450000500170000000800410001708200130005810000160007124500220008726000360010930000120014565000100015720250323161135.0240331s9999 xx 000 0 und d bMADa894 aMadhavan, A 0aKrishnap parunthu aShivagangaibAnam pvt Ltdc1995 a164 p., aNovel